[Event "Moehnesee Cup-B"]
[Site "Moehnesee"]
[Date "2005.08.20"]
[Round "5"]
[White "Hoefling, Otmar"]
[Black "Kelbling, Philipp"]
[Result "1/2-1/2"]
[WhiteElo "1676"]
[BlackElo "1732"]
[PlyCount "55"]
[EventDate "2005.08.18"]
[EventType "swiss"]
[EventRounds "7"]
[EventCountry "GER"]
[SourceTitle "CBM 108 Extra"]
[Source "ChessBase"]
[SourceDate "2005.11.04"]
[SourceVersion "1"]
[SourceVersionDate "2005.11.04"]
[SourceQuality "1"]

1. d4 Nf6 2. Bg5 d5 3. c4 c6 4. cxd5 cxd5 5. Nc3 e6 6. e3 Nc6 7. Nf3 Be7 8. a3 0-0 9. Bd3 a6 10. 0-0 h6 11. Bh4 b5 12. b4 Bb7 13. Rc1 Rc8 14. Bxf6 Bxf6 15. Bb1 Nb8 16. Qd3 g6 17. Ne2 Nd7 18. Nf4 Bg7 19. h4 Nf6 20. Ne5 Ne4 21. Rxc8 Bxc8 22. f3 Ng3 23. Nfxg6 f5 24. Rc1 Bxe5 25. dxe5 Rf7 26. Qc2 Bb7 27. Qf2 Nh5 28. Nf4 1/2-1/2